Web application architecture : (Record no. 215073)

000 -LEADER
fixed length control field 00977 a2200253 4500
003 - CONTROL NUMBER IDENTIFIER
control field Nust
005 - DATE AND TIME OF LATEST TRANSACTION
control field 20170207170502.0
010 ## - LIBRARY OF CONGRESS CONTROL NUMBER
LC control number 2003011759
020 ## - INTERNATIONAL STANDARD BOOK NUMBER
International Standard Book Number 0471486566 (Paper : alk. paper)
040 ## - CATALOGING SOURCE
Transcribing agency Nust
082 00 - DEWEY DECIMAL CLASSIFICATION NUMBER
Classification number 005.12
100 1# - MAIN ENTRY--PERSONAL NAME
Personal name Shklar, Leon.
245 10 - TITLE STATEMENT
Title Web application architecture :
Remainder of title principles, protocols, and practices /
Statement of responsibility, etc. Leon Shklar, Richard Rosen.
260 ## - PUBLICATION, DISTRIBUTION, ETC.
Place of publication, distribution, etc. Chichester, England ;
-- Hoboken, NJ :
Name of publisher, distributor, etc. John Wiley,
Date of publication, distribution, etc. c2003.
300 ## - PHYSICAL DESCRIPTION
Extent xi, 357 p. :
Other physical details ill. ;
Dimensions 23 cm.
650 #0 - SUBJECT ADDED ENTRY--TOPICAL TERM
Topical term or geographic name entry element Application software
General subdivision Development.
650 #0 - SUBJECT ADDED ENTRY--TOPICAL TERM
Topical term or geographic name entry element Software architecture.
650 #0 - SUBJECT ADDED ENTRY--TOPICAL TERM
Topical term or geographic name entry element Web site development.
650 #0 - SUBJECT ADDED ENTRY--TOPICAL TERM
Topical term or geographic name entry element Web sites
General subdivision Design.
700 1# - ADDED ENTRY--PERSONAL NAME
Personal name Rosen, Rich.
856 42 - ELECTRONIC LOCATION AND ACCESS
Materials specified Contributor biographical information
Uniform Resource Identifier <a href="http://www.loc.gov/catdir/bios/wiley043/2003011759.html">http://www.loc.gov/catdir/bios/wiley043/2003011759.html</a>
856 42 - ELECTRONIC LOCATION AND ACCESS
Materials specified Publisher description
Uniform Resource Identifier <a href="http://www.loc.gov/catdir/description/wiley036/2003011759.html">http://www.loc.gov/catdir/description/wiley036/2003011759.html</a>
856 42 - ELECTRONIC LOCATION AND ACCESS
Materials specified Table of contents
Uniform Resource Identifier <a href="http://www.loc.gov/catdir/toc/wiley032/2003011759.html">http://www.loc.gov/catdir/toc/wiley032/2003011759.html</a>
942 ## - ADDED ENTRY ELEMENTS (KOHA)
Source of classification or shelving scheme
Koha item type Book
Holdings
Withdrawn status Lost status Source of classification or shelving scheme Damaged status Not for loan Collection code Permanent Location Current Location Date acquired Total Checkouts Full call number Barcode Date last seen Price effective from Koha item type
            Military College of Signals (MCS) Military College of Signals (MCS) 12/12/2016   005.12 MCSEB-3329 12/08/2016 12/12/2016 Book
© 2023 Central Library, National University of Sciences and Technology. All Rights Reserved.